000 00717nam a22002537a 4500
001 28030
003 UA-OsUOA
005 20230914143634.0
007 ta
008 20040927b un ||||| |||| 00| 0 ukr d
020 _a5-7775-0528-7
040 _aUA-OsUOA
_bger
_cUA-OsUOA
_dUA-OsUOA
041 _ager
044 _aUA
080 _a821.112.2
090 _a821.112.2
_bГ84
100 _aБрати Грімм
245 _aКазки
_bдля шкільного віку
_cБрати Грімм ; пер. С. Й. Сакидон, Є. О. Попович
260 _aДніпропетровськ
_bСіч
_c1993
300 _a144 с.
_bІлюстрації
650 7 _2UDC
942 _cBK
_2udc
955 _a0
999 _c314385
_d314385